| 000 | 00605nam a2200193 4500 | ||
|---|---|---|---|
| 001 | 126367 | ||
| 003 | ES-MaACL | ||
| 005 | 20230906192816.0 | ||
| 007 | t| | ||
| 008 | 070214s1966 sp r ||||1| spa d | ||
| 100 | 1 |
_aRenaud, J. _996183 |
|
| 245 | 1 | 3 |
_aLa preparación del trabajo / _cpor J. Renaud y J. E. Rollet ; prefacio de Ch. Vercier ; traducido por I. Goiburu. |
| 260 |
_aBilbao : _bUrmo, _c1966. |
||
| 300 |
_a456 p., 50 lám. : _bil. ; _c25 cm. |
||
| 700 | 1 |
_aRollet, J. E. _999185 |
|
| 700 | 1 |
_aVercier, Ch. _9113993 |
|
| 700 | 1 |
_aGoiburu, I. _957604 |
|
| 852 |
_aES-MaACL _jC-29047 _bR.58467 |
||
| 999 |
_c126367 _d126367 |
||